The holy family in Egypt /

محفوظ في:

مؤلف مشترك: Coptic Orthodox Patriarchate

التنسيق: كتاب

اللغة: English

الموضوعات:

الوسوم: إضافة وسم

لا توجد وسوم, كن أول من يضع وسما على هذه التسجيلة!

رقم الطلب: BT315.2 .H64 2000

LEADER 00714namaa2200241 4500
001 16570
003 OSt
005 20240215131525.0
008 240215s2000 ua a g b 000 0 eng d
999 |c 56819  |d 56819 
020 |a 9775809045 
040 |c ARCE Library 
050 0 4 |a BT315.2   |b .H64 2000 
110 |a Coptic Orthodox Patriarchate, 
245 1 4 |a The holy family in Egypt / 
264 1 |a Cairo :  |b  St. Mina Monastary, Marriout, Egypt,  |c 2000. 
300 |a 165 pages :   |b color portrait and photographs, maps ;   |c 33 cm 
336 |2 rdacontent  |a text  |b txt 
337 |2 rdamedia  |a unmediated  |b n 
338 |2 rdacarrier  |a volume  |b n 
600 0 0 |a Jesus Christ  |x Flight into Egypt.  
901 |a reviewed 
942 |c BK  |2 lcc